The hydrochemical drain of the Middle Ob river basin; Bulletin of the Tomsk Polytechnic University; Vol. 310, № 1

Sonraí bibleagrafaíochta
Parent link:Bulletin of the Tomsk Polytechnic University/ Tomsk Polytechnic University (TPU).— , 2006-2007
Vol. 310, № 1.— 2007.— [P. 27-31]
Príomhchruthaitheoir: Savichev O. G. Oleg Gennadievich
Achoimre:Заглавие с титульного листа
Электронная версия печатной публикации
Results of studying the hydrochemical drain in Middle Ob basin (Western Siberia) and conditions of its formation are shown. Average values of ejection of the main ions, microelements, organic and biogenic substances with waters of the rivers: Ob, Tom, Chulym, Ket, Тym, Vasyugan, Parabel, Chaya for years 1997-2000 are established. It is shown, that the main part of hydrochemical drain is represented by the main ions and formed under the influence of mainly natural factors. Anthropogenous transformation of hydrochemical drain shows itself in the increase of hydrocarbons ejection, compounds of nitrogen and some other substances.
Teanga:Béarla
Foilsithe / Cruthaithe: 2007
Sraith:Earth science
Ábhair:
Rochtain ar líne:http://www.lib.tpu.ru/fulltext/v/Bulletin_TPU/2007/v310eng/i1/06.pdf
Formáid: Leictreonach Caibidil leabhair
KOHA link:https://koha.lib.tpu.ru/cgi-bin/koha/opac-detail.pl?biblionumber=180474

MARC

LEADER 00000nla2a2200000 4500
001 180474
005 20231215122047.0
035 |a (RuTPU)RU\TPU\book\195646 
035 |a RU\TPU\book\195643 
090 |a 180474 
100 |a 20100517d2007 k y0rusy50 ca 
101 1 |a eng  |c rus 
102 |a RU 
135 |a drnn ---uucaa 
200 1 |a The hydrochemical drain of the Middle Ob river basin  |f О. G. Savichev 
203 |a Text  |c electronic 
215 |a 1 файл (151 Кб) 
225 1 |a Earth science 
300 |a Заглавие с титульного листа 
300 |a Электронная версия печатной публикации 
320 |a [Bibliography: p. 31 (11 titles)] 
330 |a Results of studying the hydrochemical drain in Middle Ob basin (Western Siberia) and conditions of its formation are shown. Average values of ejection of the main ions, microelements, organic and biogenic substances with waters of the rivers: Ob, Tom, Chulym, Ket, Тym, Vasyugan, Parabel, Chaya for years 1997-2000 are established. It is shown, that the main part of hydrochemical drain is represented by the main ions and formed under the influence of mainly natural factors. Anthropogenous transformation of hydrochemical drain shows itself in the increase of hydrocarbons ejection, compounds of nitrogen and some other substances. 
337 |a Adobe Reader 
461 1 |0 (RuTPU)RU\TPU\book\169973  |t Bulletin of the Tomsk Polytechnic University  |f Tomsk Polytechnic University (TPU)  |d 2006-2007 
463 1 |0 (RuTPU)RU\TPU\book\195457  |t Vol. 310, № 1  |v [P. 27-31]  |d 2007  |p 201 p. 
610 1 |a hydrochemical drain 
610 1 |a Middle Ob 
610 1 |a Western Siberia 
610 1 |a formation 
610 1 |a average values 
610 1 |a ions 
610 1 |a microelements 
610 1 |a organic substances 
610 1 |a biogenic substances 
610 1 |a waters 
610 1 |a Ob 
610 1 |a Tom 
610 1 |a Chulym 
610 1 |a Ket 
610 1 |a Тym 
610 1 |a Vasyugan 
610 1 |a Parabel 
610 1 |a Chaya 
610 1 |a natural factors 
610 1 |a anthropogenous transformations 
610 1 |a hydrocarbons 
610 1 |a nitrogen 
610 1 |a электронный ресурс 
610 1 |a труды учёных ТПУ 
675 |a 550.42:57.4(571.1)  |v 3 
700 1 |a Savichev  |b O. G.  |c geologist  |c Professor of Tomsk Polytechnic University, doctor of geographical sciences  |f 1967-  |g Oleg Gennadievich  |3 (RuTPU)RU\TPU\pers\34024  |9 17591 
801 1 |a RU  |b 63413507  |c 20090623  |g PSBO 
801 2 |a RU  |b 63413507  |c 20151124  |g PSBO 
856 4 |u http://www.lib.tpu.ru/fulltext/v/Bulletin_TPU/2007/v310eng/i1/06.pdf 
942 |c CF